000 00510nam a2200193 a 4500
001 1771335785355
003 YourLibrary
005 20260220132757.0
008 260217s1997##################000#0#eng##
020 _a9780521594257
082 0 4 _a320.1
_bSPU
100 1 _aSpulber, Nicolas,
_eauthor.
245 1 0 _aRedefining the State :
260 _bCambridge University Press,
_c1997.
300 _a272 pages
650 0 _aPolitical Science.
942 _cENGLISH
040 _aYourLibrary
_beng
_cYourLibrary
999 _c614227
_d614227